| Tag |
First Indicator |
Second Indicator |
Subfields |
| LEADER |
00000cam a2200000Ia 4500 |
| 001 |
in00002467154 |
| 005 |
20151110121755.0 |
| 008 |
840430s1939 txu s000 0 eng d |
| 035 |
|
|
|a (OCoLC)ocm10676684
|
| 035 |
|
|
|a (OCoLC)10676684
|
| 040 |
|
|
|a TWT
|c TWT
|d AGL
|d OCLCQ
|d OCLCG
|d TXA
|d UtOrBLW
|
| 043 |
|
|
|a n-us-tx
|
| 049 |
|
|
|a TXAM
|
| 070 |
0 |
|
|a 100
|b T31S (1) no.577
|
| 072 |
|
0 |
|a J500
|
| 086 |
|
|
|a Z TA245.7 B873 no.577
|2 txdocs
|
| 092 |
|
|
|a 630.7
|b T31b, no.577
|
| 100 |
1 |
|
|a Fraps, G. S.
|q (George Stronach),
|d 1876-
|
| 245 |
1 |
0 |
|a Commercial fertilizers in 1938-39 and their uses /
|c by G.S. Fraps, T.L. Ogier, and S.E. Asbury.
|
| 264 |
|
1 |
|a College Station, Tex. :
|b Texas Agricultural Experiment Station,
|c 1939.
|
| 300 |
|
|
|a 59 pages ;
|c 23 cm.
|
| 336 |
|
|
|a text
|b txt
|2 rdacontent
|
| 337 |
|
|
|a unmediated
|b n
|2 rdamedia
|
| 338 |
|
|
|a volume
|b nc
|2 rdacarrier
|
| 490 |
1 |
|
|a Bulletin / Texas Agricultural Experiment Station ;
|v no. 577
|
| 650 |
|
0 |
|a Fertilizer industry.
|
| 650 |
|
0 |
|a Fertilizers
|z Texas
|x Analysis.
|
| 700 |
1 |
|
|a Ogier, T. L.
|q (Thomas Louis)
|
| 700 |
1 |
|
|a Asbury, S. E.
|q (Samuel E.)
|
| 710 |
2 |
|
|a Texas Agricultural Experiment Station.
|
| 830 |
|
0 |
|a Bulletin (Texas Agricultural Experiment Station) ;
|v no. 577.
|
| 994 |
|
|
|a C0
|b TXA
|
| 948 |
|
|
|a cataloged
|b h
|c 2009/06/05
|e mansari
|f 08:50:41 am
|
| 999 |
|
|
|a MARS
|
| 999 |
f |
f |
|s 6ff06efd-3523-3c4c-9146-2c7de84e895e
|i 21ebbc9d-74c6-395c-9dd6-70c988b198dc
|t 0
|
| 952 |
f |
f |
|p normal
|a Texas A&M University
|b College Station
|c Sterling C. Evans Library
|d Evans: Texas Documents (Annex 5th floor)
|t 0
|e Z TA245.7 B873 no.576-590
|h Superintendent of Documents classification
|i unmediated -- volume
|k no.576-590
|l 1939:Aug-1940:Aug
|m A14821752449
|
| 952 |
f |
f |
|a Texas A&M University
|b College Station
|c Sterling C. Evans Library
|d Evans: Texas Documents (Annex 5th floor)
|t 0
|e Z TA245.7 B873 no.576-590
|h Superintendent of Documents classification
|
| 998 |
f |
f |
|a Z TA245.7 B873 no.576-590
|s 576-590
|t 0
|l Evans: Texas Documents (Annex 5th floor)
|